Jacobo no es un pobre diablo

Salvato in:
Dettagli Bibliografici
Autore principale: Heiser, Gabriele (Autore)
Natura: Libro
Lingua:spagnolo
Pubblicazione: Madrid SM 1987
Edizione:1a. ed
Serie:El Barco de Vapor
Soggetti:
Tags: Aggiungi Tag
Nessun Tag, puoi essere il primo ad aggiungerne!!

MARC

LEADER 00000nam a2200000 a 4500
001 UCH8502
003 CL-VaPUC
008 091127e19870600SP |||||||||||||||||spa|d
020 |a 8434822482 
082 0 4 |a 833  |b HEI  |2 21 
100 0 |a Heiser, Gabriele  |e author  |9 545077 
245 1 0 |a Jacobo no es un pobre diablo 
250 |a 1a. ed 
300 |a 102 p 
942 |c BK 
945 |d 20091127 00:00:00  |a lazolas 
260 |a Madrid  |b SM  |c 1987 
500 |a La colección es dirigida por Marinella Terzi 
500 |a Traducción del Alemán de Lola Romer 
500 |a Ilustraciones de Francisco Meléndez 
650 0 |a Literatura alemana   |9 265457 
650 0 |a Literatura infantil   |9 307465 
583 |a last modification  |c 20091127 00:00:00  |k Rodrigo Vera 
490 0 |a El Barco de Vapor 
999 |c 338713  |d 338711